Religion and the news / (Record no. 15062)
[ view plain ]
| 000 -LEADER | |
|---|---|
| fixed length control field | 01729nam a2200277 a 4500 |
| 001 - CONTROL NUMBER | |
| control field | ASIN1409420191 |
| 003 - CONTROL NUMBER IDENTIFIER | |
| control field | OSt |
| 005 - DATE AND TIME OF LATEST TRANSACTION | |
| control field | 20170105102910.0 |
| 008 - FIXED-LENGTH DATA ELEMENTS--GENERAL INFORMATION | |
| fixed length control field | 131025s2012 xxu eng d |
| 020 ## - INTERNATIONAL STANDARD BOOK NUMBER | |
| International Standard Book Number | 1409420191 (paperback) |
| Terms of availability | $39.95 |
| 020 ## - INTERNATIONAL STANDARD BOOK NUMBER | |
| International Standard Book Number | 9781409420194 (paperback) |
| 040 ## - CATALOGING SOURCE | |
| Original cataloging agency | a |
| 050 04 - LIBRARY OF CONGRESS CALL NUMBER | |
| Classification number | PN4756 |
| 082 04 - DEWEY DECIMAL CLASSIFICATION NUMBER | |
| Classification number | 070.4492 |
| Author Mark | REL 2012 |
| 245 00 - TITLE STATEMENT | |
| Title | Religion and the news / |
| Statement of responsibility, etc. | Jolyon Mitchell, Owen Gower. |
| 260 ## - PUBLICATION, DISTRIBUTION, ETC. | |
| Place of publication, distribution, etc. | [S.l.] : |
| Name of publisher, distributor, etc. | Ashgate Pub Co, |
| Date of publication, distribution, etc. | 2012. |
| 300 ## - PHYSICAL DESCRIPTION | |
| Extent | 250 p. ; |
| Dimensions | 24 cm. |
| 520 ## - SUMMARY, ETC. | |
| Summary, etc. | In "Religion and the News" journalists and religious leaders reflect on their interactions with one another and their experiences of creating news. Through a series of original contributions, leading practitioners shed light on how religious stories emerge into the public domain. Experienced journalists and religious representatives from different faith traditions critically consider their role in a rapidly evolving communicative environment. Aimed at journalists, faith representatives, religious leaders, academics and students, this book offers a timely exploration of the current state of religious news coverage and makes an original contribution to the emerging media, religion and culture literature, as well as to media and communication studies. "Religion and the News" presents insights from leading journalists and religious leaders, many well-known figures, writing openly about their experiences. |
| 650 #0 - SUBJECT ADDED ENTRY--TOPICAL TERM | |
| Topical term or geographic name entry element | Journalism, Religious |
| 650 #0 - SUBJECT ADDED ENTRY--TOPICAL TERM | |
| Topical term or geographic name entry element | Mass media--Religious aspects |
| 650 #0 - SUBJECT ADDED ENTRY--TOPICAL TERM | |
| Topical term or geographic name entry element | Religion and the press |
| 700 1# - ADDED ENTRY--PERSONAL NAME | |
| Personal name | Gower, Owen. |
| 700 1# - ADDED ENTRY--PERSONAL NAME | |
| Personal name | Mitchell, Jolyon. |
| 856 40 - ELECTRONIC LOCATION AND ACCESS | |
| Materials specified | Amazon.com |
| Uniform Resource Identifier | <a href="http://www.amazon.com/exec/obidos/ASIN/1409420191/chopaconline-20">http://www.amazon.com/exec/obidos/ASIN/1409420191/chopaconline-20</a> |
| 942 ## - ADDED ENTRY ELEMENTS (KOHA) | |
| Source of classification or shelving scheme | |
| Koha item type | Book |
| Withdrawn status | Lost status | Damaged status | Not for loan | Collection code | Permanent Location | Current Location | Shelving location | Date acquired | Total Checkouts | Full call number | Barcode | Date last seen | Price effective from | Koha item type |
|---|---|---|---|---|---|---|---|---|---|---|---|---|---|---|
| Centre for International Peace & Stability (CIPS) | Centre for International Peace & Stability (CIPS) | General Stacks | 10/01/2013 | 070.4492 REL 2012 | CIPS0001462 | 10/25/2013 | 10/25/2013 | Book |
